Things That Start With 'B' - Statistics

General Stats
  • This quiz has been taken 58 times
  • The average score is 12 of 16
Answer Stats
Picture Answer % Correct
Bacon
100%
Bananas
100%
Bicycle
98%
Bricks
98%
Boots
94%
Beaver
93%
Blood
91%
Boar
85%
Barn
78%
Bengal
70%
Bandana
67%
Blue jay
65%
Bingo
61%
Barge
52%
Basilica
33%
Boston
33%
No matching quizzes found
Score Distribution
Percent of People with Each Score
Percentile by Number Answered
Your Score History
You have not taken this quiz